| 000 | 004930000a22001930004500 | ||
|---|---|---|---|
| 001 | 004710 | ||
| 003 | MACL | ||
| 005 | 20150825161501.0 | ||
| 008 | 150825b xxu||||| |||| 00| 0 eng d | ||
| 040 |
_aMACL _cMACL |
||
| 041 | _aEnglish | ||
| 082 | _a704.9/BAS | ||
| 100 |
_aBasu, Shakti Kali _97439 |
||
| 245 |
_aDevelopment Of Iconography In Pre-Gupta Vanga _cShakti Kali Basu |
||
| 260 |
_aKolkata _c2004 _bPunthi Pustak, |
||
| 350 | _a1500 | ||
| 650 |
_aArts _97440 |
||
| 942 |
_k705 _cBK _2ddc |
||
| 999 |
_c16597 _d16597 |
||